| 000 | 00638nam a22002057a 4500 | ||
|---|---|---|---|
| 005 | 20251108174652.0 | ||
| 008 | 250721s2001 xx 000 0 ara d | ||
| 020 | _a9953160503 | ||
| 082 | 1 | 4 | _aط/581/لوا |
| 100 | 1 | _aلوالين, كلير | |
| 245 | 1 | 0 | _aلم أكن أعلم أن بعض النباتات تنمو في وسط الهواء / |
| 264 | 1 |
_aبيروت : _bدار المجاني، _c2001. |
|
| 300 | _a32ص. | ||
| 490 | 0 | _aلم أكن أعلم | |
| 650 | 1 | 7 | _aالنباتات |
| 653 | _aناشاون صغار (10-14) سنه | ||
| 700 | 1 |
_aفاضل, ألين _eمترجم |
|
| 942 |
_2ddc _cBK |
||
| 999 |
_c114975 _d114975 |
||